Juan Pablo II y el hombre
Gespeichert in:
| 1. Verfasser: | |
|---|---|
| Format: | Buch |
| Sprache: | Spanisch |
| Veröffentlicht: |
Madrid
BAC
1979
|
| Schriftenreihe: | Cuadernos BAC, 24
|
| Schlagworte: | |
| Tags: |
Tag hinzufügen
Keine Tags, Fügen Sie den ersten Tag hinzu!
|
MARC
| LEADER | 00000nam a2200000 a 4500 | ||
|---|---|---|---|
| 001 | UCZ8131 | ||
| 003 | CL-VaPUC | ||
| 008 | 960112e19790000SP |||||||||||||||||spa|d | ||
| 082 | 0 | 4 | |a 262.13 |b SUQ |2 21 |
| 100 | 0 | |a Suquia Goicochea, Angel |e author |9 353295 | |
| 245 | 1 | 0 | |a Juan Pablo II y el hombre |
| 300 | |a 32 p | ||
| 942 | |c BK | ||
| 945 | |d 19960112 00:00:00 |a lriquelm | ||
| 260 | |a Madrid |b BAC |c 1979 | ||
| 650 | 0 | |a Iglesia Católica |9 256114 | |
| 650 | 7 | |a LIDERES RELIGIOSOS |2 CL-VaPUC |9 353296 | |
| 650 | 0 | |a Personas no religiosas |9 349308 | |
| 650 | 0 | |a Creencia Religiosa |9 316904 | |
| 650 | 0 | |a Vocación |9 328817 | |
| 583 | |a last modification |c 19960112 00:00:00 |k Rodrigo Vera | ||
| 490 | 0 | |a Cuadernos BAC, 24 | |
| 999 | |c 244086 |d 244084 | ||
| 952 | |0 0 |1 0 |4 0 |6 262_130000000000000_SUQ_1979 |7 0 |8 A |9 258015 |a BIBEDU |b BIBEDU |d 2019-11-19 |i 1617311 |o 262.13 SUQ 1979 |p 1617311 |r 2019-11-19 |w 2019-11-19 |y BK |k EDU | ||